Cambios sociales y estratificación en el Brasil contemporáneo: 1945-1999 /

Guardado en:
Bibliografiske detaljer
Hovedforfatter: Valle Silva, Nelson do
Format: Texto
Serier:SERIE POLITICAS SOCIALES/CEPAL
Fag:
Tags: Tilføj Tag
Ingen Tags, Vær først til at tagge denne postø!

MARC

LEADER 00000 a a2200000 04500
001 48504
003
040
090 |a REV1291 (89) 2004  
100 |a Valle Silva, Nelson do  
245 |a Cambios sociales y estratificación en el Brasil contemporáneo: 1945-1999 /  |c Nelson do Valle Silva  
440 |a SERIE POLITICAS SOCIALES/CEPAL  
650 |a ESTRATIFICACION SOCIAL  
650 |a MOVILIDAD SOCIAL  
650 |a DESIGUALDAD SOCIAL  
650 |a CLASIFICACION DE EMPLEOS  
650 |a DISTRIBUCION POR SEXO  
650 |a CLASIFICACION DE EMPLEOS  
650 |a MOVILIDAD SOCIAL  
650 |a INGRESOS  
773 |g número89, (2004)  
999 |c 21281  |d 21281